| 000 | 02054ngm a2200433 4500 | ||
|---|---|---|---|
| 003 | dpl | ||
| 005 | 20080723110517.0 | ||
| 007 | DVD | ||
| 008 | ||||||sp199 xxu|||||c|||| 00| 0 eng d | ||
| 010 | _aDVD-000440-442 | ||
| 024 |
_a01515 _c499.00 |
||
| 035 | _aDVD-000440-442 | ||
| 040 |
_aDPL _cDPL |
||
| 082 | _aDVD / PRED | ||
| 245 |
_aPredator _c20th Century Fox Presents _h[videorecording] DVD/ |
||
| 246 | _a. | ||
| 250 | _aSpecial Edition | ||
| 260 | _b20th Century Fox Homeentertainment | ||
| 300 |
_a1 videodisc DVD; (107 min.) : _bsd., col. ; _c4 3/4 in. _fDVD |
||
| 440 | _a20th Centyry Fox Home Entertainment | ||
| 500 | _aSole Distributor in India M/s. Excel Productions Autio Visuals Pvt. Ltd. | ||
| 500 | _aA Creature from Another World and this time Schwarzenegger is the Prey | ||
| 500 | _aSpecial Features- Original Theatrical Trailer, Anamorphic Wide Screne, Interactive Menus, Multiple Languagae Subtitles | ||
| 538 | _aDolby Digital 5.1-English Subntitles: English, Cantonese, Thai, Korean, Mandarin | ||
| 538 | _aAspect Ratio: 1.85:1, Presentation type: Wide Screne, Presentation Size 16x9, Format DVD 9 Dual L Single Sided Disc. | ||
| 650 | _aMotion Picture | ||
| 700 | _aSchwarzenegger, Arnold | ||
| 700 | _aWeathers, Carl | ||
| 700 | _aSilvestri, Alan | ||
| 700 | _aMcAlpine, Donald | ||
| 700 | _aVallone, John | ||
| 700 | _aWinstone, Stan | ||
| 700 | _aThomas, Jim | ||
| 942 |
_cCF _2ddc _hDVD _mPRED |
||
| 999 |
_c15564 _d15564 |
||